000 00688nam a2200205Ia 4500
003 OSt
005 20260522110405.0
008 210210b2014 xxu||||| |||| 00| 0 eng d
040 _cAL
041 _aKonkani
082 _a891.461 MACK
100 _aMACHCHA MILAR Pseud Marsel M Disoja
_d ಮಾರ್ಸೆಲ್ ಎಂ ಡಿಸೋಜ
_9264308
245 _aKalja zar: chutkulim ani kavitam sankalan
_bಕಾಳ್ಜಾ ಜರ್: ಚುಟ್ಕುಳಿಂ ಆನಿ ಕವಿತಾಂ ಸಂಕಲನ್
260 _aManglur
_bJenesis Prakashan
_c2014
300 _a132
650 _aDsouza
_9264316
690 _aKonkani Poetry
_9264315
906 _a069490
942 _2ddc
_cBK
999 _c119102
_d119102